000 00384nam a2200157Ia 4500
005 20240807062048.0
008 240806s9999||||xx |||||||||||||| ||eng||
041 _aeng
082 _a891.4312
_bKABK
100 _aDr. Dharm Veer
245 0 _aKaveer khasam khushi kyo hoy /
_cDr. Dharm Veer
260 _bVarsha Prakashan New Delhi
300 _a362
650 _aHindi
942 _cBK
999 _c7230
_d7230